| 000 | 01595nam a22002657a 4500 | ||
|---|---|---|---|
| 003 | DO-SdBJH | ||
| 005 | 20260303202911.0 | ||
| 008 | 260303b2025 |||d|||| |||| 00| 0 spa d | ||
| 040 |
_aDO-SdBJH _bspa _cDO-SdBJH |
||
| 041 | 0 | _aspa | |
| 090 |
_aCT MA-SDN 0009 _bEGAEE 2025 |
||
| 100 | 1 |
_aTerrero Marte, Cristian Argel _esustentante |
|
| 245 | 1 | 0 |
_aInfocracia y las fake news en la toma de decisiones de la seguridad y defensa nacional en República Dominicana : _b(2018-2024) : _cCristian Argel Terrero Marte, Josefina Lissette Capellán Melendez ; asesor de contenido Piero Alvigni ; asesor metodológico Kelvin Leandro Encarnación González. |
| 260 |
_aSanto Domingo, República Dominicana : _bUNADE, _c2025. |
||
| 300 |
_axv, 114 páginas : _bgráficas. |
||
| 502 | _aTesis y trabajos de grado (Maestría en Seguridad y Defensa Nacional)--Universidad Nacional Para la Defensa "General Juan Pablo Duarte y Díez", Escuela de Graduados de Altos Estudios Estratégicos, Santo Domingo, 2026. | ||
| 504 | _aIncluye referencias bibliográficas y anexos. | ||
| 505 | _aAspectos generales de la influencia de la infocracia en la seguridad y defensa nacional -- Escenario existente de la desinformación mediática en la República Dominicana . | ||
| 650 |
_aSeguridad Nacional _vInvestigaciones _xDefensa _xInfocracia _y2018-2024 _zRepública Dominicana |
||
| 650 | _aCiberinteligencia | ||
| 700 | 1 |
_aCapellán Melendez, Josefina Lissette _esustentantes |
|
| 700 | 1 |
_aAlvigni, Piero _easesor de contenido |
|
| 700 | 1 |
_aEncarnación González, Kelvin Leandro _easesor metodológico |
|
| 942 |
_2CL _cT |
||
| 999 |
_c8584 _d8584 |
||